000 01375nam a2200361 i 4500
001 70113
003 Mx-PuUPA
005 20230614144537.0
008 230614s2023 sp a fr 000 0 spa d
017 _aM-21656-2022
020 _a9788418892882
040 _aMx-PuUPA
_bspa
_cMx-PuUPA
_dMx-PuUPA
_erda
041 0 _aspa
100 1 _aCui, Dongmei,
_cDr.
_914307
_eautor
245 1 0 _aHistología con correlaciones funcionales y clínicas /
_cDongmei Cui, William P. Daley, Edar R. Meyer [y otros dos] ; consultores y colaboradores experytos, John P. Naftel, [y otros dos] ; ilustradores, Michael P. Schenk [y otros seis]
250 _a2a. edición
264 1 _aBarcelona, España :
_bWolters Kluwer,
_c2023
300 _axiv, 546 páginas :
_bilustraciones, tablas ;
_c28 cm
336 _2rdacontent
_atexto
_btxt
337 _2rdamedia
_asin medio
_bn
338 _2rdacarrier
_avolumen
_bnc
650 7 _2armarc
_aHistología
_vAtlas
650 7 _2armarc
_aHistopatología
_vAtlas
700 1 _aDaley, William P.,
_eautor
700 1 _aMeyer, Edar R.,
_eautor
700 1 _aNaftel, John P.,
_econsultor
700 1 _aSchenk, Michael P.,
_eilustrador
942 _2ddc
_cLI
_h611.018
_iC966
999 _c70113
_d70113